Facultad de Derecho – Universidad Nacional de Mar del Plata

El Derecho como objeto e instrumento de transformacion (Record no. 2672)

MARC details
000 -CABECERA
campo de control de longitud fija 00433nam a22001457a 4500
020 ## - NUMERO INTERNACIONAL NORMALIZADO PARA LIBROS (ISBN)
International Standard Book Number 987912051-5
080 ## - NUMERO DE CLASIFICACION DECIMAL UNIVERSAL (CDU)
Número de la Clasificación Decimal Universal 340.1 SE 52
245 ## - MENCION DE TITULO
Título propiamente dicho El Derecho como objeto e instrumento de transformacion
260 ## - PUBLICACION, DISTRIBUCION, ETC. (PIE DE IMPRENTA)
Lugar de publicación, distribución, etc. Ciudad Autonoma de Buenos Aires
Nombre del editor, distribuidor, etc. Editores del Puerto
Fecha de publicación, distribución, etc. 2003
300 ## - DESCRIPCION FISICA
Extensión 328 p.
490 ## - MENCION DE SERIE
Mención de serie SELE 2002
500 ## - NOTA GENERAL
Nota general Seminario Latinoamericano de Teoria Constitucional y Politica
945 ## - INFORMACION DE PROCESAMIENTO LOCAL
Responsable de carga/modificación Sabrina Cecilia Abram
AAAA-MM-DD - Fecha de ingreso/modificación 2014-10-30
942 ## - ELEMENTOS AGREGADOS (KOHA)
Clasificación normalizada de Koha para alfabetizar _
Holdings
Retirado Perdido Dañado No se presta Ubicación permanente Locación actual Estante o sala Fecha de adquisición Fuente de adquisición Total préstamos Total renovaciones Signatura topográfica Inventario Ultima fecha vista Ultima fecha prestado Fecha del precio Tipo de item de Koha
        Bib. Derecho Bib. Derecho Sala de Lectura 30/10/2014 Biblioteca Central 1 1 340.1 SE 52 66258 25/11/2019 04/11/2019 30/10/2014 LIBRO

XHTML | CSS | ©Biblioteca Central - Dto. Tecnología de la Información - [ Con tecnología Koha ]